Normal view MARC view
  • Hansson, Kristofer,

Entry Personal Name

Number of records used in: 1

001 - CONTROL NUMBER

  • control field: 130913

003 - CONTROL NUMBER IDENTIFIER

  • control field: NUST

005 - DATE AND TIME OF LATEST TRANSACTION

  • control field: 20251006133717.0

008 - FIXED-LENGTH DATA ELEMENTS

  • fixed length control field: 251006|| aca||aabn | a|a d

040 ## - CATALOGING SOURCE

  • Original cataloging agency: NUST
  • Transcribing agency: NUST

100 ## - HEADING--PERSONAL NAME

  • Personal name: Hansson, Kristofer,
  • Dates associated with a name: 1976-

670 ## - SOURCE DATA FOUND

  • Source citation: Work cat.: (NUST)0: Accessibility denied. understanding inaccessibility and everyday resistance to inclusion for persons with disabilities /
© 2023 Central Library, National University of Sciences and Technology. All Rights Reserved.